Dạy học luyện từ và câu ở tiểu học Dùng cho đào tạo Giáo viên Tiểu học trình độ đại học, Bồi dưỡng giáo viên và cán bộ quản lí giáo dục

Trình bày những chuyên đề dạy học luyện từ và câu ở tiểu học với các chủ đề: vị trí, nhiệm vụ của phân môn luyện từ và câu; chương trình, sách giáo khoa phân môn luyện từ và câu; các nguyên tắc, tổ chức dạy học và một số biện pháp bồi dưỡng hứng thú và năng khiếu học tập luyện từ và câu...

Fuld beskrivelse

Đã lưu trong:
Bibliografiske detaljer
Hovedforfatter: Chu Thị Thuỷ An
Andre forfattere: Chu Thị Hà Thanh
Format: Bog
Sprog:Vietnamese
Udgivet: H. Giáo dục 2007
Fag:
Tags: Tilføj Tag
Ingen Tags, Vær først til at tagge denne postø!
Thư viện lưu trữ: Mạng thư viện Đại học Đà Nẵng
LEADER 01815aam a22003858a 4500
001 000015550
003 11933
005 20120530090511.0
008 120530s2007 viesd
020 |d 1000b 
041 0 |a vie 
082 1 4 |2 14  |a 372.61  |b CH-A 
100 1 |a Chu Thị Thuỷ An 
245 1 0 |a Dạy học luyện từ và câu ở tiểu học  |b Dùng cho đào tạo Giáo viên Tiểu học trình độ đại học, Bồi dưỡng giáo viên và cán bộ quản lí giáo dục  |c Chu Thị Thuỷ An (ch.b.), Chu Thị Hà Thanh 
260 |a H.  |b Giáo dục  |c 2007 
300 |a 166 tr.  |c 27cm 
520 |a Trình bày những chuyên đề dạy học luyện từ và câu ở tiểu học với các chủ đề: vị trí, nhiệm vụ của phân môn luyện từ và câu; chương trình, sách giáo khoa phân môn luyện từ và câu; các nguyên tắc, tổ chức dạy học và một số biện pháp bồi dưỡng hứng thú và năng khiếu học tập luyện từ và câu 
650 7 |2 Bộ TK TVQG  |a Tiếng Việt 
650 7 |2 Bộ TK TVQG  |a Từ ngữ 
650 7 |2 Bộ TK TVQG  |a Tiểu học 
650 7 |2 Bộ TK TVQG  |a Phương pháp giảng dạy 
650 7 |2 Bộ TK TVQG  |a Câu 
650 7 |2 Bộ TK TVQG  |a Ngữ pháp 
655 7 |2 Bộ TK TVQG  |a Giáo trình 
700 1 |a Chu Thị Hà Thanh 
OWN |a LSP 
AVA |a UDN50  |b LSP  |d 372.61 CH-A  |e available  |t Error 5001 Not defined in file expand_doc_bib_avail.  |f 2  |g 0  |h N  |i 0  |k 1 
999 |a From the UDN01 
AVA |a UDN50  |b LSP  |d 372.61 CH-A  |e available  |t Error 5001 Not defined in file expand_doc_bib_avail.  |f 2  |g 0  |h N  |i 0  |k 1 
TYP |a Monograph 
TYP |a Printed language 
980 |a Mạng thư viện Đại học Đà Nẵng